000 011140000a22002770004500
003 EG-GiCUC
005 20250223025844.0
008 090523s1997 ua do f m 000 0 eng d
040 _aEG-GiCUC
_beng
_cEG-GiCUC
041 0 _aEng
049 _aDeposite
097 _aM.Sc
099 _aCai01.07.18.M.Sc.1997.Ah.S
100 0 _aAhmed Abdelazim Mohamed Mansour
245 1 0 _aStudies on soil types along Elsalam canal territory in North Sinai /
_cAhmed Abdelazim Mohamed Mansour ; SupervisedMaher A. Abdelhamid , Mohmoud Zaki Salem
246 1 5 _aدراسات على نوعيات الاراضى فى زمام ترعة السلام بشمال سيناء
260 _aCairo :
_bAhmed Abdelazim Mohamed Mansour ,
_c1997
300 _a128Leaves :
_bcharts , photographs ;
_c30cm
502 _aThesis(M.Sc.) - Cairo University - Faculty of Agriculture - Department of Soil Science
700 0 _aMaher A. Abdelhamid ,
_eSupervisor
700 0 _aMohmoud Zaki Salem ,
_eSupervisor
856 _uhttp://172.23.153.220/th.pdf
905 _aNazla
_eRevisor
905 _aSoheir
_eCataloger
942 _2ddc
_cTH
999 _c22131
_d22131